| 000 | 00529nam a2200217 454500 | ||
|---|---|---|---|
| 001 | 086411 | ||
| 003 | BD-ChCU | ||
| 005 | 20231126100713.0 | ||
| 008 | Eng | ||
| 020 | _a8121929784 | ||
| 040 |
_aDLC _cDLC _dBD-ChCU |
||
| 082 | 0 | 0 | _a541.3/B151e |
| 100 | 1 |
_aBahl, Arun _bBahl, B.S. |
|
| 245 | 1 | 0 |
_aEssentials of Physical Chemistry _bx |
| 250 | _a28ed | ||
| 260 |
_anew delhi.: _bS. Chand _c1977 |
||
| 300 | _aXXV, 1144 | ||
| 650 | 0 |
_aChemistry, Physical and theoretical _bChemistry |
|
| 700 | 1 | _ax | |
| 942 |
_2ddc _cBK |
||
| 999 |
_c86411 _d86411 |
||